[Event "31.Schlosspark-Open"]
[Site "Wiesbaden-Biebrich"]
[Date "2019.08.25"]
[Round "6.56"]
[White "Pauly, Markus"]
[Black "Jahraus, Marlis"]
[Result "1-0"]
[WhiteElo "1846"]
[BlackElo "1578"]
[PlyCount "103"]
[EventDate "2019.??.??"]
[WhiteTeam "Sfr. Erbach"]
[BlackTeam "SC Untergrombach"]

1. c4 f5 2. g3 Nf6 3. Bg2 g6 4. Nc3 Bg7 5. d3 O-O 6. e4 d6 7. Nge2 c6 8. O-O e5
9. Bg5 h6 10. Bxf6 Bxf6 11. exf5 Bxf5 12. h3 Be6 13. b3 Nd7 14. d4 exd4 15.
Nxd4 Bf7 16. Qd2 Bg7 17. Rad1 Nf6 18. Nde2 Ne8 19. Qd3 Qc7 20. Nf4 g5 21. Ng6
Bxg6 22. Qxg6 Qf7 23. Qd3 Rd8 24. Rd2 Be5 25. Nd1 Nf6 26. Ne3 Nd7 27. Ng4 Qe6
28. Nxe5 Nxe5 29. Qe3 Qf6 30. Qxa7 Rf7 31. Qe3 Nf3+ 32. Bxf3 Qxf3 33. Qe6 Qf6
34. Re1 d5 35. cxd5 Rxd5 36. Qxf6 Rxf6 37. Rxd5 cxd5 38. Re8+ Kf7 39. Rd8 Ra6
40. Rxd5 Ke6 41. Rb5 b6 42. a4 Kd6 43. Kg2 Kc6 44. Rf5 Kc7 45. Kf3 Ra8 46. Rf7+
Kd6 47. Rf6+ Kc5 48. Rxh6 Rf8+ 49. Kg2 Rd8 50. Rg6 Rd5 51. g4 Kd4 52. Rxb6 1-0

[Event "31.Schlosspark-Open"]
[Site "Wiesbaden-Biebrich"]
[Date "2019.08.25"]
[Round "6.57"]
[White "Schmidt, Martin"]
[Black "Brechlin, Olaf"]
[Result "1-0"]
[WhiteElo "1679"]
[BlackElo "1840"]
[PlyCount "56"]
[EventDate "2019.??.??"]
[WhiteTeam "SC Heuchelheim"]
[BlackTeam "FVS ASP Hoyerswerda"]

1. d4 d5 2. c3 Nf6 3. e3 c6 4. f4 Bf5 5. Nf3 Nbd7 6. a4 e6 7. Be2 Bd6 8. O-O
O-O 9. Ne5 h6 10. Nd2 Ne4 11. Ndf3 f6 12. Nd3 c5 13. Nf2 c4 14. Nh4 Bh7 15. Bh5
f5 16. g3 Be7 17. Ng2 Ndf6 18. Be2 g5 19. Bd2 g4 20. Be1 h5 21. b3 Rc8 22. bxc4
dxc4 23. Rb1 Qd5 24. Rb5 Qc6 25. Qb1 Rc7 26. a5 Bg6 27. Bd1 Be8 28. Bc2 Qxb5
1-0

[Event "31.Schlosspark-Open"]
[Site "Wiesbaden-Biebrich"]
[Date "2019.08.25"]
[Round "6.58"]
[White "Hagner, Bennet"]
[Black "Peschk, Kathrin"]
[Result "1-0"]
[WhiteElo "1847"]
[BlackElo "1359"]
[PlyCount "71"]
[EventDate "2019.??.??"]
[WhiteTeam "Frankfurter TV"]
[BlackTeam "SV Groß-Gerau"]

1. e4 e5 2. Nf3 Nc6 3. Bb5 Bc5 4. O-O d6 5. c3 Bd7 6. d4 exd4 7. cxd4 Bb6 8.
Nc3 Nge7 9. Bg5 O-O 10. Nd5 h6 11. Bxc6 hxg5 12. Nxe7+ Qxe7 13. Bxd7 Qxd7 14.
Nxg5 g6 15. h4 Qb5 16. Qd2 Ba5 17. Qc2 Rfe8 18. a4 Qd7 19. f3 Re7 20. Kh1 f6
21. Nh3 Rh7 22. b4 Bxb4 23. Qc4+ Kg7 24. Qxb4 Rxh4 25. Qd2 Rah8 26. Kg1 R8h6
27. Qe2 Kf8 28. f4 Qh7 29. Rf3 Rxh3 30. gxh3 Rxh3 31. Qg2 Rh4 32. e5 f5 33.
Raf1 Rh6 34. Rb3 b6 35. exd6 cxd6 36. Qa8+ 1-0

[Event "31.Schlosspark-Open"]
[Site "Wiesbaden-Biebrich"]
[Date "2019.08.25"]
[Round "6.59"]
[White "Tepe, Josef"]
[Black "Ziegler, Joerg"]
[Result "1-0"]
[WhiteElo "2044"]
[BlackElo "1726"]
[PlyCount "39"]
[EventDate "2019.??.??"]
[WhiteTeam "SC Taunusstein"]
[BlackTeam "BKA Wiesbaden"]

1. d4 d5 2. Nf3 c6 3. e3 Nf6 4. Bd3 Nbd7 5. O-O e6 6. Ne5 Be7 7. Nd2 Qc7 8. f4
c5 9. c3 b6 10. Qf3 Bb7 11. g4 c4 12. Bc2 b5 13. g5 Ng8 14. h4 g6 15. e4 Nb6
16. b3 Bd6 17. a4 bxa4 18. bxc4 Ne7 19. c5 Bxe5 20. fxe5 1-0

[Event "31.Schlosspark-Open"]
[Site "Wiesbaden-Biebrich"]
[Date "2019.08.25"]
[Round "6.60"]
[White "Hoffmann, Christian"]
[Black "Scheid, Lennart"]
[Result "0-1"]
[WhiteElo "1883"]
[BlackElo "1463"]
[PlyCount "60"]
[EventDate "2019.??.??"]
[WhiteTeam "BKA Wiesbaden"]
[BlackTeam "SK Ladenburg"]

1. e4 c6 2. d4 d5 3. Nc3 dxe4 4. Nxe4 Bf5 5. Ng3 Bg6 6. h4 h6 7. h5 Bh7 8. Nf3
Nd7 9. Bd3 Bxd3 10. Qxd3 e6 11. Bf4 Bb4+ 12. c3 Ba5 13. O-O-O Ngf6 14. Bd6 Bc7
15. Nf5 Bxd6 16. Nxd6+ Ke7 17. Nc4 b5 18. Nce5 Nxe5 19. Nxe5 Qb6 20. Rde1 Rhc8
21. Rh4 c5 22. dxc5 Rxc5 23. Rf4 Rd8 24. Qg3 Qd6 25. Rd4 Qxd4 26. Kb1 Qd2 27.
Nf3 Qd3+ 28. Kc1 b4 29. Qh4 bxc3 30. b3 c2 0-1

[Event "31.Schlosspark-Open"]
[Site "Wiesbaden-Biebrich"]
[Date "2019.08.25"]
[Round "6.61"]
[White "Schmieder, Stefan"]
[Black "Baumgarten, Fred"]
[Result "1-0"]
[WhiteElo "1847"]
[BlackElo "1694"]
[PlyCount "31"]
[EventDate "2019.??.??"]
[WhiteTeam "vereinslos"]
[BlackTeam "SV Hennef"]

1. e4 e5 2. Bc4 Nf6 3. d3 Nc6 4. Nc3 Na5 5. Qf3 Nxc4 6. dxc4 c6 7. Nge2 Be7 8.
O-O d6 9. h3 Be6 10. b3 h6 11. Rd1 Nh7 12. a4 Qc8 13. Rd3 Kd8 14. c5 Kc7 15.
cxd6+ Bxd6 16. Nb5+ 1-0

[Event "31.Schlosspark-Open"]
[Site "Wiesbaden-Biebrich"]
[Date "2019.08.25"]
[Round "6.62"]
[White "Yue, Qizhou"]
[Black "Pastor, Alexander"]
[Result "1/2-1/2"]
[WhiteElo "1820"]
[BlackElo "1668"]
[PlyCount "96"]
[EventDate "2019.??.??"]
[WhiteTeam "SV Multatuli Ingelheim e.V."]
[BlackTeam "SV Hennef"]

1. e4 c5 2. Nc3 g6 3. f4 Bg7 4. Nf3 d6 5. Bb5+ Bd7 6. Bxd7+ Nxd7 7. d3 e6 8.
O-O Ne7 9. Qe1 O-O 10. Nh4 d5 11. f5 d4 12. Ne2 exf5 13. exf5 Nd5 14. Qg3 Qc7
15. Nf4 N7f6 16. Qh3 Qd7 17. Nxd5 Qxd5 18. fxg6 fxg6 19. Nf3 Qd7 20. Qg3 Rae8
21. Bd2 Nd5 22. Rae1 b6 23. Ng5 Rxe1 24. Rxe1 Qf5 25. Qh4 h6 26. Ne4 g5 27. Qf2
Qxf2+ 28. Nxf2 Kf7 29. Ne4 Rd8 30. a4 Nf6 31. Nxf6 Bxf6 32. b3 Rd5 33. Re4 a6
34. Kf2 Rf5+ 35. Ke2 Re5 36. Rxe5 Bxe5 37. h3 Ke6 38. Kf3 Kf5 39. g4+ Kf6 40.
Be1 Bf4 41. Ke4 Ke6 42. b4 Bd6 43. bxc5 bxc5 44. Ba5 Be7 45. Bc7 Bf6 46. Bb6
Be7 47. Ba7 Bd6 48. Bb6 Be7 1/2-1/2

[Event "31.Schlosspark-Open"]
[Site "Wiesbaden-Biebrich"]
[Date "2019.08.25"]
[Round "6.63"]
[White "Markosyan, Aleksandr"]
[Black "Berdyga, Mariusz"]
[Result "1-0"]
[WhiteElo "1730"]
[BlackElo "1348"]
[PlyCount "143"]
[EventDate "2019.??.??"]
[WhiteTeam "SG Idstein"]
[BlackTeam "CKR SSz Grójec"]

1. e4 c5 2. Nf3 e6 3. d4 cxd4 4. Nxd4 Nc6 5. Nc3 Qc7 6. Ndb5 Qb8 7. a4 a6 8.
Na3 Nf6 9. Be3 Na5 10. f3 Bb4 11. Qd4 Nc6 12. Qc4 d5 13. exd5 Nxd5 14. Bd2 Qe5+
15. Qe4 Bxc3 16. bxc3 Qxe4+ 17. fxe4 Nf6 18. Bd3 O-O 19. Nc4 Rd8 20. Bf4 e5 21.
Bg3 Nd7 22. Ke2 f6 23. Bf2 Nf8 24. Nb6 Bg4+ 25. Ke3 Rab8 26. Rab1 Be6 27. Rb2
Nd7 28. Rhb1 Nc5 29. h3 Rd6 30. Ke2 Nxd3 31. cxd3 Rbd8 32. Rd2 Na5 33. d4 Nc4
34. Nxc4 Bxc4+ 35. Kf3 exd4 36. cxd4 b5 37. axb5 axb5 38. Ra1 b4 39. Ra4 Rb8
40. Bg3 Rdb6 41. Bxb8 Rxb8 42. Rb2 f5 43. exf5 Bd5+ 44. Kg3 b3 45. Ra5 Be4 46.
Re5 Bc2 47. Kf3 Kf7 48. g4 Kf6 49. Ke3 Rc8 50. Rc5 Re8+ 51. Kd2 Re4 52. Rc4 Rf4
53. Ke3 Re4+ 54. Kf3 Re7 55. Rbxc2 bxc2 56. Rxc2 Kg5 57. Re2 Rd7 58. Ke4 Re7+
59. Kd3 Rd7 60. Rf2 Kf6 61. h4 h6 62. Re2 h5 63. Re6+ Kf7 64. g5 Rd5 65. Ke4
Rb5 66. d5 Rb4+ 67. Ke5 Rxh4 68. d6 Ra4 69. Re7+ Kf8 70. Ke6 Re4+ 71. Kd7 Rc4
72. g6 1-0

[Event "31.Schlosspark-Open"]
[Site "Wiesbaden-Biebrich"]
[Date "2019.08.25"]
[Round "6.64"]
[White "Haftmann, Rainer"]
[Black "Meaubert, Thomas"]
[Result "0-1"]
[WhiteElo "1725"]
[BlackElo "1779"]
[PlyCount "78"]
[EventDate "2019.??.??"]
[WhiteTeam "SG Dietzenbach"]
[BlackTeam "SC Flörsheim"]

1. e4 d6 2. d4 Nf6 3. Nc3 Nbd7 4. Nf3 e5 5. dxe5 dxe5 6. a3 Be7 7. Bc4 O-O 8.
O-O c6 9. h3 Qc7 10. Be3 Rd8 11. Qe2 Nf8 12. Rfd1 Be6 13. Ng5 Qc8 14. Rxd8 Bxd8
15. Rd1 Be7 16. Nxe6 Nxe6 17. Bxe6 Qxe6 18. Bg5 h6 19. Bxf6 Bxf6 20. Qg4 Qxg4
21. hxg4 Rd8 22. Rxd8+ Bxd8 23. a4 Kf8 24. Kf1 Bg5 25. b3 Ke7 26. Ke2 Kd6 27.
Kd3 Kc5 28. Na2 a5 29. c3 b5 30. b4+ axb4 31. cxb4+ Kb6 32. a5+ Ka6 33. Kc3 Be7
34. Nc1 c5 35. bxc5 Bxc5 36. Nd3 Be7 37. Nb4+ Bxb4+ 38. Kxb4 g6 39. f3 g5 0-1

[Event "31.Schlosspark-Open"]
[Site "Wiesbaden-Biebrich"]
[Date "2019.08.25"]
[Round "6.65"]
[White "Donecker, Stefan"]
[Black "Weiland, Thomas"]
[Result "0-1"]
[WhiteElo "1722"]
[BlackElo "1772"]
[PlyCount "50"]
[EventDate "2019.??.??"]
[WhiteTeam "TuS Dotzheim"]
[BlackTeam "SV Oberursel"]

1. e4 b6 2. Nc3 Bb7 3. g3 g6 4. Bg2 Bg7 5. Nge2 e6 6. O-O Ne7 7. d3 O-O 8. f4
d6 9. g4 Nd7 10. f5 exf5 11. gxf5 gxf5 12. Ng3 Kh8 13. Bg5 f6 14. Bd2 fxe4 15.
dxe4 Ne5 16. Nd5 Bc8 17. h3 Nxd5 18. exd5 Qe8 19. Kh2 f5 20. Nh5 Rg8 21. Nxg7
Rxg7 22. Bc3 Qg6 23. Qe2 Ba6 24. Qf2 Bxf1 25. Rxf1 Rag8 0-1

[Event "31.Schlosspark-Open"]
[Site "Wiesbaden-Biebrich"]
[Date "2019.08.25"]
[Round "6.66"]
[White "Jakesevic, Ivan"]
[Black "Viol, Julius"]
[Result "0-1"]
[WhiteElo "1712"]
[BlackElo "1709"]
[PlyCount "36"]
[EventDate "2019.??.??"]
[WhiteTeam "FC Bierstadt"]
[BlackTeam "FC Bierstadt"]

1. Nf3 c5 2. c3 Nf6 3. d4 d5 4. Bg5 Nc6 5. e3 Qb6 6. Qb3 c4 7. Qxb6 axb6 8.
Nbd2 b5 9. Bxf6 gxf6 10. e4 e6 11. g3 b4 12. Bg2 bxc3 13. bxc3 Ra3 14. Nb1 Ra5
15. Nfd2 Bg7 16. O-O O-O 17. Re1 f5 18. exf5 Nxd4 0-1

[Event "31.Schlosspark-Open"]
[Site "Wiesbaden-Biebrich"]
[Date "2019.08.25"]
[Round "6.67"]
[White "Treiber, Volker"]
[Black "Krischak, Werner"]
[Result "1-0"]
[WhiteElo "1633"]
[BlackElo "1738"]
[PlyCount "131"]
[EventDate "2019.??.??"]
[WhiteTeam "SK Lohr"]
[BlackTeam "SK Marburg"]

1. d4 d5 2. Bf4 Nf6 3. e3 c5 4. c3 Nc6 5. Bd3 e6 6. Nf3 Be7 7. Nbd2 O-O 8. h4
h5 9. Ne5 Qe8 10. Be2 g6 11. g4 Nxg4 12. Bxg4 Nxe5 13. dxe5 hxg4 14. Bh6 f5 15.
Bxf8 Kxf8 16. f3 Qd8 17. fxg4 Bxh4+ 18. Ke2 fxg4 19. Qf1+ Kg7 20. Qf4 Qg5 21.
Raf1 Qxf4 22. Rxf4 Be7 23. Rxg4 Bd7 24. Rhg1 Be8 25. Nf3 Bf7 26. Ng5 Bxg5 27.
Rxg5 Rh8 28. Kd3 Rh2 29. R1g2 Rh1 30. a3 c4+ 31. Kd4 b6 32. e4 Rd1+ 33. Ke3
Re1+ 34. Re2 Rxe2+ 35. Kxe2 Kh6 36. Rg4 g5 37. Rg2 dxe4 38. Ke3 Bg6 39. Rh2+
Kg7 40. Rf2 g4 41. Kf4 Bf5 42. Rd2 Kh6 43. Rd7 Kh5 44. Rd8 e3 45. Rh8+ Kg6 46.
Kxe3 Kg5 47. Rg8+ Bg6 48. Rf8 Bh5 49. Kf2 Bg6 50. Kg3 Bf5 51. Ra8 Be4 52. Rxa7
Kf5 53. Ra6 Bf3 54. Rxb6 Kxe5 55. a4 Kd5 56. a5 e5 57. a6 Kc5 58. Re6 Kd5 59.
Rf6 Ke4 60. Rxf3 gxf3 61. Kf2 Kf4 62. a7 e4 63. a8=Q e3+ 64. Ke1 Kg3 65. Qg8+
Kh2 66. Qxc4 1-0

[Event "31.Schlosspark-Open"]
[Site "Wiesbaden-Biebrich"]
[Date "2019.08.25"]
[Round "6.68"]
[White "Probstfeld, Bernd"]
[Black "Schwenk, Stefan"]
[Result "0-1"]
[WhiteElo "1573"]
[BlackElo "1733"]
[PlyCount "104"]
[EventDate "2019.??.??"]
[WhiteTeam "SG Pieroth"]
[BlackTeam "SK Geisenheim"]

1. d4 d5 2. Nf3 e6 3. e3 Nf6 4. c4 Nbd7 5. Nc3 a6 6. Bd3 dxc4 7. Bxc4 b5 8. Bd3
Bb7 9. a3 c5 10. dxc5 Nxc5 11. Bc2 Be7 12. b4 Ncd7 13. Bb2 Rc8 14. O-O Nb6 15.
Nd2 O-O 16. Rc1 Nfd5 17. Nxd5 Nxd5 18. Bb1 Bf6 19. Rxc8 Qxc8 20. Bxf6 Nxf6 21.
Qc2 Qxc2 22. Bxc2 Rc8 23. Bb3 g6 24. f3 Rc3 25. Kf2 Nd5 26. Bxd5 Bxd5 27. Ra1
Rc2 28. Ke1 Rc3 29. e4 Bc4 30. Kf2 Kg7 31. a4 Rc2 32. Ke1 Bd3 33. axb5 axb5 34.
Ra3 Bc4 35. Ra1 Kf6 36. Kd1 Rb2 37. Rb1 Rxb1+ 38. Nxb1 Ke5 39. Kd2 Kd4 40. Na3
Bf1 41. g3 Bd3 42. e5 g5 43. g4 Bc4 44. Kc2 Bf1 45. Kd2 Kxe5 46. Ke3 f5 47. Kf2
Bc4 48. gxf5 exf5 49. Nc2 f4 50. Ke1 Bd3 51. Na3 Kd4 52. Kd2 h6 0-1

[Event "31.Schlosspark-Open"]
[Site "Wiesbaden-Biebrich"]
[Date "2019.08.25"]
[Round "6.69"]
[White "Eg, Karlheinz"]
[Black "Lehmann, Wolfgang"]
[Result "1-0"]
[WhiteElo "1888"]
[BlackElo "1599"]
[PlyCount "120"]
[EventDate "2019.??.??"]
[WhiteTeam "SV Rüsselsheim"]
[BlackTeam "Wiesbadener SV"]

1. e4 c6 2. d4 d5 3. exd5 cxd5 4. c4 e6 5. Nc3 Nf6 6. Nf3 Nc6 7. Bd3 Be7 8. a3
a6 9. O-O dxc4 10. Bxc4 b5 11. Ba2 O-O 12. Bf4 Bb7 13. Qd3 e5 14. Bxe5 Nxe5 15.
Nxe5 Bd6 16. f4 Rc8 17. Rad1 b4 18. axb4 Bxb4 19. Kh1 Bxc3 20. bxc3 Qc7 21. c4
Rcd8 22. d5 Rd6 23. Qe3 Rc8 24. Rfe1 Qc5 25. Qxc5 Rxc5 26. Nd3 Rc8 27. c5 Rxd5
28. Bxd5 Bxd5 29. Nb4 Bc4 30. c6 g6 31. Re7 a5 32. c7 Be6 33. Rd8+ Kg7 34. Rxc8
Bxc8 35. Nc6 a4 36. Na7 Bf5 37. c8=Q Bxc8 38. Nxc8 Nd5 39. Ra7 Nxf4 40. Rxa4
Nd3 41. Ra7 Ne5 42. Nd6 h5 43. Kg1 Kf6 44. h3 g5 45. Kf2 g4 46. h4 Ke6 47. Ne4
Kf5 48. Ng3+ Kg6 49. Ra5 f6 50. Ke2 Nc6 51. Rxh5 Nd4+ 52. Kd3 Ne6 53. Rf5 Ng7
54. h5+ Kf7 55. h6 Nxf5 56. Nxf5 Kg6 57. Ke3 Kh7 58. Kf4 Kg8 59. Kxg4 Kh7 60.
Kh5 Kh8 1-0

[Event "31.Schlosspark-Open"]
[Site "Wiesbaden-Biebrich"]
[Date "2019.08.25"]
[Round "6.70"]
[White "Schellen, Sven"]
[Black "Masoudi, Kian"]
[Result "0-1"]
[WhiteElo "1855"]
[BlackElo "1598"]
[PlyCount "110"]
[EventDate "2019.??.??"]
[WhiteTeam "SV Frankfurt Nord"]
[BlackTeam "SF Frankfurt"]

1. d4 Nf6 2. c4 c5 3. Nf3 e6 4. Nc3 b6 5. b3 Be7 6. Bb2 O-O 7. e3 Bb7 8. Be2
cxd4 9. exd4 d6 10. O-O Nbd7 11. Re1 Re8 12. Bf1 Bf8 13. Rc1 Qb8 14. h3 a6 15.
Ba3 e5 16. d5 h6 17. Bd3 b5 18. Ne4 Nh7 19. Nxd6 Bxd6 20. c5 Bf8 21. Bxh7+ Kxh7
22. b4 Bc8 23. d6 Re6 24. Qc2+ Kg8 25. c6 Bxd6 26. cxd7 Bxd7 27. Rcd1 Bc8 28.
Nxe5 Bb7 29. Nd7 Rxe1+ 30. Rxe1 Qc8 31. Qxc8+ Rxc8 32. Nc5 Rc7 33. Rd1 Be5 34.
Rd8+ Kh7 35. Kf1 Bf6 36. Rb8 Bd5 37. Nxa6 Ra7 38. Rb6 Bd4 39. Rd6 Bc4+ 40. Ke1
Re7+ 41. Kd1 Bxf2 42. Rd2 Re1+ 43. Kc2 Be3 44. Rd1 Re2+ 45. Kb1 Rxa2 46. Rd3
Bg5 47. Rg3 Bf6 48. Nc5 Ra1+ 49. Kc2 Rg1 50. Nd3 Bd5 51. Nf4 Be4+ 52. Kd2 g5
53. Nh5 Bh8 54. Ke3 f5 55. Kf2 Bd4+ 0-1

[Event "31.Schlosspark-Open"]
[Site "Wiesbaden-Biebrich"]
[Date "2019.08.25"]
[Round "6.71"]
[White "Giesau, Bernhard"]
[Black "Baumeister, Lutz"]
[Result "1/2-1/2"]
[WhiteElo "1811"]
[BlackElo "1505"]
[PlyCount "72"]
[EventDate "2019.??.??"]
[WhiteTeam "SK Gau-Algesheim"]
[BlackTeam "Wiesbadener SV"]

1. Nf3 Nf6 2. c4 c5 3. b3 g6 4. Bb2 Bg7 5. g3 O-O 6. Bg2 Nc6 7. O-O d6 8. Re1
a5 9. Nc3 Re8 10. d4 cxd4 11. Nxd4 Nxd4 12. Qxd4 Nd7 13. Qd2 Rb8 14. Rac1 b6
15. Nd5 Bxb2 16. Qxb2 e6 17. Ne3 f5 18. Qd4 Ne5 19. Rcd1 Nf7 20. Rd2 Bb7 21.
Red1 Bxg2 22. Nxg2 e5 23. Qd5 Kg7 24. Ne1 Qe7 25. Nc2 Qb7 26. Na3 Qxd5 27. Rxd5
Re6 28. Nb5 Rd8 29. a3 Kf8 30. b4 axb4 31. axb4 Rc8 32. Nxd6 Nxd6 33. Rxd6 Ke7
34. Rxe6+ Kxe6 35. Rd5 Rxc4 36. Rb5 Rc6 1/2-1/2

[Event "31.Schlosspark-Open"]
[Site "Wiesbaden-Biebrich"]
[Date "2019.08.25"]
[Round "6.72"]
[White "Jess, Geralf"]
[Black "Spiegel, Nina"]
[Result "1-0"]
[WhiteElo "1729"]
[BlackElo "1593"]
[PlyCount "133"]
[EventDate "2019.??.??"]
[WhiteTeam "SC Matt im Park"]
[BlackTeam "Sfr. Wiesbaden"]

1. e4 e5 2. Nf3 Nc6 3. Bc4 Bc5 4. c3 Nf6 5. d4 exd4 6. cxd4 Bb4+ 7. Nc3 Nxe4 8.
O-O Bxc3 9. bxc3 d5 10. Bd3 O-O 11. Qc2 Re8 12. Bf4 Bf5 13. Ne5 Nxe5 14. Bxe5
c5 15. f3 c4 16. fxe4 cxd3 17. Qb3 Bxe4 18. Qxb7 Re7 19. Qb2 Qd7 20. Qd2 f6 21.
Bg3 Rae8 22. Rfe1 Qg4 23. Qf4 Qc8 24. Qd2 Qg4 25. Rab1 h5 26. Rb8 Rxb8 27. Bxb8
h4 28. h3 Qc8 29. Bd6 Rb7 30. Bb4 Qf5 31. a4 a6 32. a5 Qg6 33. Rf1 Rf7 34. Rf2
Kh7 35. Bd6 Rb7 36. Bb4 Rf7 37. Rf4 Qg5 38. Qf2 Kg8 39. Kf1 Qg3 40. Rxh4 Qxf2+
41. Kxf2 g5 42. Rg4 Kh7 43. Rg3 Kg6 44. h4 Rh7 45. hxg5 fxg5 46. Ke3 Kf5 47.
Rh3 Rf7 48. Rh6 Kg4 49. Rxa6 Bxg2 50. Re6 Rf3+ 51. Kd2 Bf1 52. a6 Rf2+ 53. Kc1
d2+ 54. Kd1 Bxa6 55. Rxa6 Kf5 56. Be7 Rg2 57. Rf6+ Ke4 58. Kc2 Ke3 59. Re6+ Kf4
60. Re5 g4 61. Rxd5 g3 62. Bg5+ Ke4 63. Re5+ Kf3 64. Bxd2 Kg4 65. Kd3 Rf2 66.
Be3 Kh3 67. Bxf2 1-0

[Event "31.Schlosspark-Open"]
[Site "Wiesbaden-Biebrich"]
[Date "2019.08.25"]
[Round "6.73"]
[White "Mang, Markus"]
[Black "Herrmann, Gerhard"]
[Result "1/2-1/2"]
[WhiteElo "1726"]
[BlackElo "1554"]
[PlyCount "76"]
[EventDate "2019.??.??"]
[WhiteTeam "SG Kaiserslautern"]
[BlackTeam "SC Königsspringer Alzenau"]

1. d4 b6 2. c4 Bb7 3. Nf3 e6 4. g3 Nf6 5. Bg2 Be7 6. Nc3 O-O 7. O-O d5 8. cxd5
Nxd5 9. Qc2 Nd7 10. a3 c5 11. Rd1 Rb8 12. e4 N5f6 13. Bf4 Rc8 14. Qe2 Nh5 15.
Be3 Qe8 16. d5 exd5 17. Nxd5 Bxd5 18. exd5 Bd6 19. Bh3 Nhf6 20. a4 Rd8 21. a5
Ne5 22. axb6 axb6 23. Ra6 Rb8 24. Bg2 Neg4 25. Ra3 Nxe3 26. Rxe3 Qd8 27. Nd2
Re8 28. Ne4 Nxe4 29. Bxe4 g6 30. Re1 f5 31. Bb1 Rxe3 32. Qxe3 Qf6 33. h4 Kg7
34. Kg2 Rb7 35. Qe6 Re7 36. Qxf6+ Kxf6 37. Rxe7 Bxe7 38. f4 c4 1/2-1/2

[Event "31.Schlosspark-Open"]
[Site "Wiesbaden-Biebrich"]
[Date "2019.08.25"]
[Round "6.74"]
[White "Cichon, Joerg"]
[Black "Traut, Stefan"]
[Result "1/2-1/2"]
[WhiteElo "1711"]
[BlackElo "1559"]
[PlyCount "31"]
[EventDate "2019.??.??"]
[WhiteTeam "SF Mainz"]
[BlackTeam "SF Heusenstamm"]

1. e4 d5 2. exd5 Qxd5 3. Nc3 Qa5 4. d3 c6 5. g3 Bf5 6. Bg2 e6 7. Bd2 Qd8 8. Nf3
Nf6 9. a3 Be7 10. O-O O-O 11. Qe2 Re8 12. Rfe1 Nbd7 13. h3 Nb6 14. Nh4 Bg6 15.
Nxg6 hxg6 16. Bg5 1/2-1/2

[Event "31.Schlosspark-Open"]
[Site "Wiesbaden-Biebrich"]
[Date "2019.08.25"]
[Round "6.75"]
[White "Boscher, Hans"]
[Black "Muenstermann, Matthias"]
[Result "1-0"]
[WhiteElo "1492"]
[BlackElo "1691"]
[PlyCount "57"]
[EventDate "2019.??.??"]
[WhiteTeam "SC Bad Soden"]
[BlackTeam "SK Langen"]

1. e4 c5 2. Nc3 d6 3. f4 Nf6 4. Nf3 g6 5. Bc4 Bg7 6. d3 O-O 7. O-O e6 8. Qe1 d5
9. Bb3 dxe4 10. dxe4 Nc6 11. Kh1 Nd4 12. e5 Nxf3 13. Rxf3 Nd5 14. Ne4 f6 15.
exf6 Nxf6 16. Nxc5 Re8 17. Re3 Qd6 18. Nxe6 Bxe6 19. Bxe6+ Kh8 20. Bb3 Rxe3 21.
Bxe3 Re8 22. Qd2 Qc6 23. Bd4 b6 24. Qc3 Qd6 25. Be5 Qf8 26. h3 h6 27. Qc7 Re7
28. Qc3 Kh7 29. Bd6 1-0

[Event "31.Schlosspark-Open"]
[Site "Wiesbaden-Biebrich"]
[Date "2019.08.25"]
[Round "6.76"]
[White "Schmidt, Joerg"]
[Black "Torrijos, Javier"]
[Result "0-1"]
[WhiteElo "1490"]
[BlackElo "1689"]
[PlyCount "88"]
[EventDate "2019.??.??"]
[WhiteTeam "SK Niederbrechen"]
[BlackTeam "Schachforum Darmstadt"]

1. d4 c6 2. c4 d5 3. Nf3 Nf6 4. Nc3 e6 5. e3 Nbd7 6. cxd5 exd5 7. Bd3 Bd6 8.
O-O O-O 9. Qc2 Re8 10. a3 Qc7 11. Kh1 Nf8 12. Ne2 Bd7 13. Bd2 Re7 14. Ng3 g6
15. Rae1 Rae8 16. Ng1 Ne4 17. f4 f5 18. Nf3 Bc8 19. Re2 h6 20. Bxe4 dxe4 21.
Ne5 Rg7 22. Nc4 Be7 23. Ref2 Be6 24. Rd1 Bh4 25. Bb4 Nd7 26. Rfd2 Nb6 27. Nxb6
Qxb6 28. Rc1 Be7 29. Bc3 Bb3 30. Qb1 a5 31. Nf1 a4 32. g4 Bd5 33. Rg2 Qd8 34.
gxf5 gxf5 35. Rcc2 Bh4 36. Ng3 Bxg3 37. hxg3 Kh7 38. Kg1 Reg8 39. Kf2 Rg6 40.
Rc1 Qf6 41. Rh1 Qg7 42. Rh3 Rh8 43. Bb4 b5 44. Bd6 Rxd6 0-1

[Event "31.Schlosspark-Open"]
[Site "Wiesbaden-Biebrich"]
[Date "2019.08.25"]
[Round "6.77"]
[White "Troeger, Beate"]
[Black "Breitbach, Stephan"]
[Result "1-0"]
[WhiteElo "1483"]
[BlackElo "1653"]
[PlyCount "69"]
[EventDate "2019.??.??"]
[WhiteTeam "Vorw.Orient Mainz"]
[BlackTeam "SC Landskrone"]

1. f4 d5 2. Nf3 Nf6 3. b3 g6 4. Bb2 Bg7 5. e3 O-O 6. g3 c5 7. Bg2 Nc6 8. O-O
Bf5 9. Na3 Qa5 10. Ne5 Nxe5 11. fxe5 Ne4 12. Bxe4 dxe4 13. Nc4 Qc7 14. Rxf5
gxf5 15. Qh5 b5 16. Na3 b4 17. Nc4 Qd7 18. Rf1 Qe6 19. Rxf5 Qg6 20. Qxg6 fxg6
21. Rg5 a5 22. Rg4 a4 23. Rxe4 a3 24. Ba1 Rf3 25. Kg2 Raf8 26. Rf4 R3xf4 27.
exf4 h5 28. h4 Rd8 29. d3 e6 30. Nd6 Bf8 31. Ne4 Be7 32. Kf3 Kf7 33. Ke3 Rc8
34. c4 Bd8 35. Nd6+ 1-0

[Event "31.Schlosspark-Open"]
[Site "Wiesbaden-Biebrich"]
[Date "2019.08.25"]
[Round "6.78"]
[White "Richter, Tim"]
[Black "Sitta, Stefan"]
[Result "1-0"]
[WhiteElo "1430"]
[BlackElo "1613"]
[PlyCount "59"]
[EventDate "2019.??.??"]
[WhiteTeam "SF Heidesheim"]
[BlackTeam "Sfr. Wiesbaden"]

1. d4 e6 2. c4 f5 3. Nf3 Nf6 4. e3 d5 5. Nc3 c6 6. Ne5 Bd6 7. f4 O-O 8. c5 Bc7
9. Bd2 Nbd7 10. Be2 Ne4 11. O-O g5 12. Nxe4 fxe4 13. g3 Qf6 14. Kh1 Qh6 15. Bg4
Nf6 16. Be2 Kh8 17. Qe1 Bd7 18. fxg5 Qxg5 19. Rxf6 Bxe5 20. Rxf8+ Rxf8 21. dxe5
Kg8 22. Qg1 Qxe5 23. Bc3 Qg5 24. Rf1 Qe7 25. Rxf8+ Qxf8 26. b4 Be8 27. Qf1 Qf5
28. Qxf5 exf5 29. Kg2 Bg6 30. a4 1-0

[Event "31.Schlosspark-Open"]
[Site "Wiesbaden-Biebrich"]
[Date "2019.08.25"]
[Round "6.79"]
[White "Emrich, Franz"]
[Black "Kuenitz, Klaus"]
[Result "1/2-1/2"]
[WhiteElo "1439"]
[BlackElo "1787"]
[PlyCount "56"]
[EventDate "2019.??.??"]
[WhiteTeam "SC Lambsheim"]
[BlackTeam "TSV Schott Mainz"]

1. d4 Nf6 2. c4 d6 3. Nc3 g6 4. Nf3 Bg7 5. e4 O-O 6. Be2 Nbd7 7. O-O c6 8. Qc2
a6 9. a4 Ne8 10. Be3 e5 11. d5 c5 12. Bd2 Ndf6 13. h3 Nh5 14. Nh2 Nf4 15. Bxf4
exf4 16. Nf3 Kh8 17. Kh2 Qc7 18. Rad1 h6 19. Bd3 g5 20. Rfe1 f6 21. Ne2 Qf7 22.
Kg1 Qh5 23. Nh2 a5 24. e5 f5 25. e6 Qg6 26. Kf1 Qf6 27. b3 Nc7 28. Nc3 Qxc3
1/2-1/2

[Event "31.Schlosspark-Open"]
[Site "Wiesbaden-Biebrich"]
[Date "2019.08.25"]
[Round "6.80"]
[White "Staggat, Rolf"]
[Black "Scheerer, Julian"]
[Result "0-1"]
[WhiteElo "1639"]
[BlackElo "1400"]
[PlyCount "24"]
[EventDate "2019.??.??"]
[WhiteTeam "Schierstein"]
[BlackTeam "SV Ffm-Griesheim"]

1. e4 e5 2. Nf3 Nc6 3. d4 exd4 4. Bc4 Bc5 5. c3 Nf6 6. Bg5 h6 7. Bxf6 Qxf6 8.
O-O O-O 9. Re1 d6 10. h3 Ne5 11. Bf1 dxc3 12. Nxc3 Bxh3 0-1

[Event "31.Schlosspark-Open"]
[Site "Wiesbaden-Biebrich"]
[Date "2019.08.25"]
[Round "6.82"]
[White "Machwirth, Ernst"]
[Black "Scholz, Benedict"]
[Result "0-1"]
[WhiteElo "1388"]
[BlackElo "1533"]
[PlyCount "62"]
[EventDate "2019.??.??"]
[WhiteTeam "Sfr. Wiesbaden"]
[BlackTeam "SV Eichlinghofen"]

1. e4 c5 2. c3 d5 3. exd5 Qxd5 4. Qf3 Nf6 5. Be2 Bf5 6. d3 Nc6 7. Qxd5 Nxd5 8.
Bf3 e6 9. Bxd5 exd5 10. Ke2 Bd6 11. Nf3 O-O 12. Be3 Rfe8 13. Nbd2 d4 14. Ne4
Bxe4 15. dxe4 dxe3 16. Kxe3 f5 17. Nd2 b5 18. f4 b4 19. e5 Bc7 20. Nf3 a5 21.
Rhd1 Rad8 22. g3 a4 23. c4 Na5 24. Rac1 Rxd1 25. Rxd1 Nxc4+ 26. Kf2 Nxb2 27.
Rd7 Bd8 28. Ke2 Be7 29. Ra7 c4 30. Ne1 c3 31. Nc2 Rd8 0-1

[Event "31.Schlosspark-Open"]
[Site "Wiesbaden-Biebrich"]
[Date "2019.08.25"]
[Round "6.83"]
[White "Witt, Alexander"]
[Black "Zimmer, Mireille E"]
[Result "1/2-1/2"]
[WhiteElo "1554"]
[BlackElo "1020"]
[PlyCount "28"]
[EventDate "2019.??.??"]
[WhiteTeam "Vorw.Orient Mainz"]

1. e4 Nc6 2. Bc4 e6 3. Nc3 Nge7 4. Nf3 d5 5. Bb3 dxe4 6. Nxe4 Nf5 7. c3 Be7 8.
O-O h6 9. d4 b6 10. Bf4 O-O 11. Qd3 Bb7 12. Bc2 a5 13. a3 Kh8 14. Ng3 Qd7
1/2-1/2